Geometry Dash Levels - Statistics

General Stats
  • This quiz has been taken 8 times
  • The average score is 18 of 29
Answer Stats
Answer % Correct
Can't Let Go
100%
Electroman Adventures
100%
Polargeist
100%
Base After Base
80%
Clutterfunk
80%
Deadlocked
80%
Electrodynamix
80%
Geometrical Dominator
80%
Hexagon Force
80%
Jumper
80%
Stereo Madness
80%
Back On Track
60%
Blast Processing
60%
Clubstep
60%
Cycles
60%
Cycles
60%
Dry Out
60%
Fingerdash
60%
Theory Of Everything
60%
Theory Of Everything 2
60%
Time Machine
60%
xStep
60%
Airborne Robots
40%
Nock Em
40%
Power Trip
40%
Press Start
40%
The Seven Seas
40%
Viking Arena
40%
Colorblind
0%
No matching quizzes found
Score Distribution
Percent of People with Each Score
Percentile by Number Answered
Your Score History
You have not taken this quiz